Μαθήματα εισαγωγής εις την φιλοσοφίαν
Αποθηκεύτηκε σε:
| Κύριος συγγραφέας: | |
|---|---|
| Μορφή: | Βιβλίο |
| Γλώσσα: | Greek |
| Δημοσίευση: |
Αθήναι :
Ποταμίτης,
[1956-]
|
| Θέματα: | |
| Ετικέτες: |
Προσθήκη ετικέτας
Δεν υπάρχουν, Καταχωρήστε ετικέτα πρώτοι!
|
MARC
| LEADER | 00000cam a2200000 i 4500 | ||
|---|---|---|---|
| 001 | 1/90582 | ||
| 008 | 080704m19569999 gre d | ||
| 035 | |l 10098751 | ||
| 040 | |a GR-MY-UA |b gre |e aacr | ||
| 041 | 0 | |a gre | |
| 082 | 0 | |a 101 |2 (22) | |
| 100 | 1 | |a Θεοδωρακόπουλος, Ιωάννης Ν., |d 1900-1981. | |
| 245 | 1 | 0 | |a Μαθήματα εισαγωγής εις την φιλοσοφίαν / |c Ιωάν. Ν. Θεοδωρακόπουλου |
| 260 | |a Αθήναι : |b Ποταμίτης, |c [1956-] | ||
| 300 | |a 2 τ.; |c 24 εκ. | ||
| 500 | |a "Κατά τας παραδόσεις του τακτικού καθηγητού του Εθν. Πανεπιστημίου" | ||
| 650 | 0 | 0 | |a Philosophy |x Study and teaching (Higher) |
| 650 | 0 | 0 | |a Methodology. |
| 852 | |a INST |b RHODES |c AKA |e 20080704 |h 101 ΘΕΟ |p 005400027783 |q 005400027783 |t BK |y 0 | ||
| 901 | |a BIBL4-2008-2 | ||
| 909 | |a Ρ |b 150744 | ||
| 970 | |a ΧΑΡΙΟΠΟΛΙΤΟΥ |b ΚΩΝΣΤΑΝΤΙΝΑ |z 2008/07/04 | ||